Online Catalogue and eLibrary

Bhikkunivinaya (Record no. 4770)

MARC details
000 -LEADER
fixed length control field 00404nam a2200157Ia 4500
005 - DATE AND TIME OF LATEST TRANSACTION
control field 20250514021703.0
008 - FIXED-LENGTH DATA ELEMENTS--GENERAL INFORMATION
fixed length control field 240331s9999 xx 000 0 und d
020 ## - INTERNATIONAL STANDARD BOOK NUMBER
ISBN 9555993394
082 ## - DDC Classification
Item Number - Author Mark KUM
Class No. 200
100 ## - MAIN ENTRY--PERSONAL NAME
Personal name Kusuma,Bikkunie
245 #0 - TITLE STATEMENT
Title Bhikkunivinaya
260 ## - PUBLICATION, DISTRIBUTION, ETC.
Place of publication, distribution, etc. Ratmalana
Name of publisher, distributor, etc. Sarovdya wishwaleka Publication
Date of publication, distribution, etc. 2003
300 ## - PHYSICAL DESCRIPTION
Extent (e.g. Volumes, Pages etc.) xxxii, 390 p .,
500 ## - GENERAL NOTE
General note A Book of Bikunivinaya
942 ## - Koha item type (Biblio)
Koha item type Books in Stacks (Lending)
Holdings
Lost status Damaged status Collection code Home library Current library Shelving location Date acquired Full call number Accession Number Item type
    Lending WERC Library WERC Library Social Science Cupboard 03/31/2024 200 KUM 6552 Books in Stacks (Lending)

© WERC Library